Farallón y Río Hato: enfrentamientos y miedo durante la invasión del 20 de diciembre de 1989 /
Guardado en:
| Hovedforfatter: | |
|---|---|
| Format: | Texto |
| Tags: |
Tilføj Tag
Ingen Tags, Vær først til at tagge denne postø!
|
MARC
| LEADER | 00000 a a2200000 04500 | ||
|---|---|---|---|
| 001 | 45670 | ||
| 003 | |||
| 040 | |a CRAI/IIS |c CRAI/IIS | ||
| 100 | |a García B., Pantaleón | ||
| 245 | |a Farallón y Río Hato: |b enfrentamientos y miedo durante la invasión del 20 de diciembre de 1989 / |c Pantaleón García B. | ||
| 590 | |a DISEMINAR112013 | ||
| 773 | |g número501 (2012), páginas 22-46 | ||
| 999 | |c 18360 |d 18360 | ||
